Open Data Biblioteca Nacional de Portugal


República Portuguesa: Ministério da Cultura
Biblioteca Nacional de Portugal

Catálogo da BNP: acesso por Identificadores Unívocos
Registos Bibliográficos associados ao registo de autoridade

Etiqueta de registo: 00000nkm 2200025 450
001 2281167
003 http://id.bnportugal.gov.pt/bib/catbnp/2281167
100 ## $a20260317d1990 m y0pory01030103ba
101 0# $apor
102 ## $aPT
200 1# $aVII Feira Nacional de Artesanato, Tomar, 14 a 22 julho 1990$bVisual gráfico]$fCâmara Municipal de Tomar
210 #9 $aTomar$cCâmara Municipal de Tomar,$d1990$eTomar :$gJositi)
215 ## $a1 cartaz$ccolor.$d45,8x31,9 cm
317 ## $aColeção Madeira Luís
710 02 $aCâmara Municipal de Tomar$31477163
711 01 $aFeira Nacional de Artesanato,$d7,$eTomar,$f1990$31993345
801 #0 $aPT$bBN$gRPC
966 ## $lBN$mICONOG$sCT. 16382 V.$x3
971 ## $cCatmusica8$d20260317
995 ## $aPRR2026

OpendataBNP@bnportugal.pt | Mais informação sobre acesso aos dados BNP